00496nam a2200181 a 4500001001300000003000900013005001700022008004100039020001000080082001800090100001600108245007400124260003300198300000900231500003500240650002300275700001600298nice12345678IN_TiNIC20260116011542.0050524s1896 lona grp 000 0 eng  ac10000a297.1227bWHE aWherry, E M aComprehensive Commentary on the Quranb Comprising Sale`s Translation aLondonbTrubner and Coc1896 a391p aincludes index and biblioraphy aQuran-Hermeneutics1 aWherry, E M